Pals dictionary : (Record no. 134979)

MARC details
000 -LEADER
fixed length control field 00640nam a22002177a 4500
005 - DATE AND TIME OF LATEST TRANSACTION
control field 20170124110238.0
010 ## - LIBRARY OF CONGRESS CONTROL NUMBER
LC control number TM-014114
020 ## - INTERNATIONAL STANDARD BOOK NUMBER
Terms of availability 195.00
035 ## - SYSTEM CONTROL NUMBER
System control number TM-014114
037 ## - SOURCE OF ACQUISITION
Source of stock number/acquisition Cen Lib/Ret
040 ## - CATALOGING SOURCE
Original cataloging agency DPL
Language of cataloging EN
082 ## - DEWEY DECIMAL CLASSIFICATION NUMBER
Classification number 420.3
Item number SUB
100 ## - MAIN ENTRY--PERSONAL NAME
Personal name Subramanian, S.
9 (RLIN) 42896
245 ## - TITLE STATEMENT
Title Pals dictionary :
Remainder of title english -english -tamil /
Statement of responsibility, etc by S. Subramanian
260 ## - PUBLICATION, DISTRIBUTION, ETC. (IMPRINT)
Place of publication, distribution, etc Madras
Name of publisher, distributor, etc Palaniappa Bros.
Date of publication, distribution, etc 1994
270 ## - ADDRESS
Address 14,Peters Road Royapettah
City Madras
Postal code 8268035
300 ## - PHYSICAL DESCRIPTION
Extent Various Pages
Dimensions 23cm(Hb)
650 ## - SUBJECT ADDED ENTRY--TOPICAL TERM
Topical term or geographic name as entry element English language
9 (RLIN) 1922
650 ## - SUBJECT ADDED ENTRY--TOPICAL TERM
Topical term or geographic name as entry element Tamil language
9 (RLIN) 42897
942 ## - ADDED ENTRY ELEMENTS (KOHA)
Source of classification or shelving scheme Dewey Decimal Classification
Koha item type English Books
Classification part 420.3
Call number suffix SUB
Holdings
Withdrawn status Lost status Damaged status Not for loan Home library Current library Date acquired Source of acquisition Cost, normal purchase price Total Checkouts Full call number Barcode Date last seen Copy number Cost, replacement price Price effective from Koha item type
        Central Library Central Library 01/08/2015 Cen Lib/Ret 195.00   420.3 SUB TM-014114 01/08/2015 1 195.00 01/08/2015 English Books

© Delhi Public Library
Hit Counter
free hit counter